Movie Click Quiz by Letterboxd Description - J & K - Statistics

General Stats
  • This quiz has been taken 103 times
  • The average score is 8 of 12
Answer Stats
Hint Answer % Correct
Don't go in the water. Jaws
93%
An adventure 65 million years in the making. Jurassic Park
90%
Based on two true stories. Julie & Julia
85%
Same planet. Different world. Journey to the Center of the Earth
78%
Hell, any of them could have done it. Knives Out
76%
Only the 'Old One' could teach him the secrets of the masters. Karate Kid (The)
75%
Find your voice. King's Speech (The)
71%
Prepare for awesomeness. Kung Fu Panda
69%
Everybody loved him...everybody disappeared. Jerry Maguire
59%
The eighth wonder of the world. King Kong
57%
Six players on the trail of a half million in cash. There's only one question...who's playing who? Jackie Brown
49%
One man could lead this team to glory...that man was busy. Kicking & Screaming
38%
No matching quizzes found
Score Distribution
Percent of People with Each Score
Percentile by Number Answered
Your Score History
You have not taken this quiz